[Event "2008 Christmas Pledge Tournament #1"]
[Site "SchemingMind.com"]
[Date "2009.01.08"]
[Round "-"]
[White "suruat"]
[Black "jdcald13"]
[Result "0-1"]
[WhiteCountry "INT"]
[BlackCountry "USA"]
[WhiteElo "1891"]
[WhiteRD "102"]
[BlackElo "1902"]
[BlackRD "65"]
[GameID "186649"]

1. d4 Nf6 2. Nf3 c5 3. d5 d6 4. c4 b5 5. cxb5 a6 6. bxa6 Bxa6 7. Nc3 g6 8. e4 Bxf1 9. Kxf1 Nbd7 10. g3 Bg7
11. Kg2 O-O 12. Bd2 Qb6 13. Qc2 Rfb8 14. b3 Ng4 15. Rhf1 Qa6 16. h3 Nge5 17. Ne1 Nb6 18. f4 Ned7 19. Nf3 c4 20. Be3 cxb3
21. axb3 Qxa1 22. Rxa1 Rxa1 23. Nd4 Rba8 24. Qf2 Nc5 25. Ndb5 Nbd7 26. Bd4 Nd3 27. Qe3 Ne1+ 28. Kf2 Nc2 29. Qd3 Nxd4 30. Nxd4 Nc5
31. Qe3 Bxd4 32. Qxd4 Nxb3 33. Qb6 Nc1 34. Qc6 R8a7 35. f5 Nd3+ 36. Ke2 Ne5 37. Qe8+ Kg7 38. g4 R1a5 39. Qb8 Nd7 40. Qb4 Nc5
41. Ke3 Ra3 42. Kd2 Rb3 43. Qc4 Raa3 44. Kc2 Rxc3+ 45. Qxc3+ Rxc3+ 46. Kxc3 Nxe4+ 47. Kd3 Nf2+ 48. Ke3 Nxh3
0-1

[Event "2008 Christmas Pledge Tournament #1"]
[Site "SchemingMind.com"]
[Date "2009.01.06"]
[Round "-"]
[White "suruat"]
[Black "echecs"]
[Result "1/2-1/2"]
[WhiteCountry "INT"]
[BlackCountry "ENG"]
[WhiteElo "1891"]
[WhiteRD "102"]
[BlackElo "1766"]
[BlackRD "63"]
[GameID "186650"]

1. Nf3 d5 2. c4 d4 3. g3 Nc6 4. Bg2 e5 5. d3 Bb4+ 6. Bd2 a5 7. O-O Nf6 8. a3 Bd6 9. Re1 O-O 10. Qa4 Bd7
11. Qb3 b6 12. Bg5 h6 13. Bxf6 Qxf6 14. Nbd2 Rae8 15. Nh4 Qd8 16. Ne4 Be7 17. Nf3 Na7 18. Nxe5 a4 19. Qc2 f5 20. Nd2 Bg5
21. Ndf3 Bf6 22. Nxd7 Qxd7 23. Rac1 c5 24. b4 axb3 25. Qxb3 Bd8 26. Nd2 Nc8 27. e4 dxe3 28. fxe3 Bg5 29. Nf1 Qd8 30. Rcd1 Kh8
31. d4 cxd4 32. Rxd4 Qc7 33. Qb5 Nd6 34. Qc6 Qxc6 35. Bxc6 Re6 36. Bd5 Rg6 37. Kf2 Bf6 38. Rdd1 Bc3 39. Re2 Ne4+ 40. Bxe4 fxe4+
41. Kg2 Rc6 42. Rf2 Rxf2+ 43. Kxf2 Bb2 44. Nd2 Bxa3 45. h4 Re6 46. h5 Bc5 47. Nb3 Rf6+ 48. Kg2 Bxe3 49. Rd8+ Kh7 50. Nd4 Rf2+
51. Kh3 Rf1 52. Ne6 g5 53. Rd7+ Kg8 54. Rg7+ Kh8 55. Rg6 Kh7 56. Rg7+ Kh8 57. Rg6=
1/2-1/2

[Event "2008 Christmas Pledge Tournament #1"]
[Site "SchemingMind.com"]
[Date "2009.01.06"]
[Round "-"]
[White "suruat"]
[Black "David Hartley"]
[Result "1/2-1/2"]
[WhiteCountry "INT"]
[BlackCountry "ENG"]
[WhiteElo "1930"]
[WhiteRD "105"]
[BlackElo "1895"]
[BlackRD "68"]
[GameID "186651"]

1. e4 e5 2. Nf3 Nc6 3. Bb5 a6 4. Ba4 Nf6 5. O-O Be7 6. Re1 b5 7. Bb3 O-O 8. c3 d6 9. h3 Na5 10. d4 Nxb3
11. Qxb3 exd4 12. Nxd4 Bd7 13. Bg5 Re8 14. Nd2 Nh5 15. Be3 Bg5 16. N2f3 Bxe3 17. Rxe3 Qf6 18. Kh1 Qh6 19. Nh2 Nf6 20. Rae1 Be6
21. Qd1 Bd7 22. Qd3 Re7 23. b3 Qg6 24. Rg3 Qh6 25. Qe3 Qxe3 26. Rgxe3 Rae8 27. f3 Nd5 28. Rd3 Nf4 29. Rde3 d5 30. Nf1 dxe4
31. fxe4 f6 32. Nd2 Ng6 33. Kg1 c5 34. N4f3 Bc6 35. Kf2 Kf7=
1/2-1/2

[Event "2008 Christmas Pledge Tournament #1"]
[Site "SchemingMind.com"]
[Date "2009.01.06"]
[Round "-"]
[White "suruat"]
[Black "doobwah"]
[Result "1-0"]
[WhiteCountry "INT"]
[BlackCountry "USA"]
[WhiteElo "1945"]
[WhiteRD "147"]
[BlackElo "1559"]
[BlackRD "82"]
[GameID "186653"]

1. d4 d5 2. Nf3 Bg4 3. Ne5 Nf6 4. h3 Bh5 5. g4 Bg6 6. Bg2 e6 7. c3 Nbd7 8. g5 Nxe5 9. dxe5 Ne4 10. Qa4+ c6
11. h4 Nc5 12. Qf4 Qc7 13. Be3 Nd7 14. Nd2 Nxe5 15. b4 Bd6 16. Qd4 c5 17. bxc5 Be7 18. Bf4 f6 19. Nb3 b6 20. cxb6 axb6
21. O-O O-O 22. c4 Bd6 23. cxd5 Bf7 24. dxe6 Bxe6 25. Bxa8 Rxa8 26. Rfc1 Qd8 27. gxf6 gxf6 28. Rc3 Qe7 29. Qxb6 Nc4 30. Qd4 Rd8
31. Rxc4 Bxc4 32. Qxc4+ Kh8 33. e3 Ba3 34. Nd4 Rg8+ 35. Kh2 Qe4 36. Rg1 Rxg1 37. Kxg1 Qg6+ 38. Kh2 Qg4 39. Bg3 Bb2 40. Qe6 Qg6
41. Nf5 Bc3 42. Ne7 Qg7 43. Qc8+
1-0

[Event "2008 Christmas Pledge Tournament #1"]
[Site "SchemingMind.com"]
[Date "2009.01.11"]
[Round "-"]
[White "suruat"]
[Black "sthorwall"]
[Result "0-1"]
[WhiteCountry "INT"]
[BlackCountry "USA"]
[WhiteElo "1968"]
[WhiteRD "118"]
[BlackElo "1791"]
[BlackRD "53"]
[GameID "186654"]

1. g3 Nf6 2. Bg2 d5 3. Nf3 e6 4. O-O c5 5. d4 Nc6 6. c4 cxd4 7. Bg5 dxc4 8. Qa4 Bd7 9. Qxc4 Qb6 10. Bxf6 gxf6
11. Nbd2 Rg8 12. b3 e5 13. Qc2 f5 14. Nc4 Qc5 15. Qd2 e4 16. Rfe1 b5 17. Nb2 Qb4 18. Qc1 Rc8 19. Qf4 Rg4 20. Qd2 Qxd2
21. Nxd2 Ba3 22. Rab1 Ne7 23. f3 Rg6 24. Nd1 Bb4 25. Rb2 e3 26. Nf2 Bxd2
0-1

[Event "2008 Christmas Pledge Tournament #1"]
[Site "SchemingMind.com"]
[Date "2009.01.06"]
[Round "-"]
[White "Austin Lockwood"]
[Black "suruat"]
[Result "0-1"]
[WhiteCountry "ENG"]
[BlackCountry "INT"]
[WhiteElo "1762"]
[WhiteRD "78"]
[BlackElo "1968"]
[BlackRD "118"]
[GameID "186655"]

1. e4 c5 2. Nf3 d6 3. Bb5+ Bd7 4. Bxd7+ Nxd7 5. O-O Ngf6 6. Nc3 g6 7. d3 Bg7 8. Bg5 O-O 9. Bxf6 Nxf6 10. Nd5 b5
11. Nxf6+ Bxf6 12. c3 Qa5 13. d4 cxd4 14. cxd4 Rac8 15. Qe2 Qa4 16. b3 Qb4 17. a4 bxa4 18. Rxa4 Qxb3 19. Rxa7 Rc2 20. Qd1 Rfc8
21. e5 Qb6 22. Qa1 dxe5 23. dxe5 Bg7 24. Rxe7 Bf8 25. Qa7 Qxa7 26. Rxa7 Bc5 27. Raa1 Bb6 28. Rab1 R8c6 29. Ne1 Re2 30. Nf3 Kg7
31. h4 Re4 32. Rfc1 Rxc1+ 33. Rxc1 Re2 34. Re1 Bxf2+
0-1

[Event "2008 Christmas Pledge Tournament #1"]
[Site "SchemingMind.com"]
[Date "2009.01.06"]
[Round "-"]
[White "jtrochez1"]
[Black "suruat"]
[Result "0-1"]
[WhiteCountry "HON"]
[BlackCountry "INT"]
[WhiteElo "1580"]
[WhiteRD "48"]
[BlackElo "1933"]
[BlackRD "104"]
[GameID "186657"]

1. e4 c5 2. Nf3 e6 3. d4 cxd4 4. Nxd4 Nf6 5. Nc3 a6 6. Be2 Bc5 7. e5 Bxd4 8. Qxd4 Nc6 9. Qh4 Nxe5 10. O-O O-O
11. Bg5 Ng6 12. Bxf6 Nxh4 13. Bxd8 Rxd8 14. Ne4 d5 15. Ng3 Bd7 16. c3 Bc6 17. f3 Rac8 18. Rac1 f5 19. Bd3 Ng6 20. c4 Nf4
21. Bb1 h5 22. Kf2 h4 23. Ne2 Nxe2 24. Kxe2 dxc4 25. Rfd1 Bb5 26. Ke1 Kf7 27. Rxd8 Rxd8 28. Rd1 Rxd1+ 29. Kxd1 Kf6 30. Bc2 Ke5
31. Kd2 Kd4 32. g4 fxg4 33. fxg4 g5 34. h3 Bc6 35. a4 Bg2 36. Bd1 Bxh3 37. Be2 e5 38. Kc2 e4 39. b4 cxb3+ 40. Kxb3 Ke3
41. Bd1 Kd2
0-1

[Event "2008 Christmas Pledge Tournament #1"]
[Site "SchemingMind.com"]
[Date "2009.01.08"]
[Round "-"]
[White "jdcald13"]
[Black "suruat"]
[Result "1/2-1/2"]
[WhiteCountry "USA"]
[BlackCountry "INT"]
[WhiteElo "1863"]
[WhiteRD "64"]
[BlackElo "1933"]
[BlackRD "104"]
[GameID "186658"]

1. c4 c5 2. Nc3 Nc6 3. g3 Nf6 4. Bg2 g6 5. Nf3 Bg7 6. O-O O-O 7. d3 e6 8. Bg5 a6 9. Qd2 d5 10. Rad1 d4
11. Ne4 Nxe4 12. dxe4 f6 13. Bh6 e5 14. Bxg7 Kxg7 15. e3 Be6 16. b3 Qb6 17. exd4 cxd4 18. Ne1 Rac8 19. Nd3 Rf7 20. f4 Rcf8
21. f5 Bc8 22. g4 g5 23. Qf2 Nb4 24. h4 h6 25. hxg5 hxg5 26. Kh2 Rh8+ 27. Kg3 Kf8 28. Rh1 Rfh7 29. Rxh7 Rxh7 30. Nxb4 Qxb4
31. Rh1 Qe7 32. Bf3 Kg8 33. Rxh7 Qxh7 34. Qh2 Qxh2+ 35. Kxh2 Kf7 36. Kg2 Ke7 37. b4 Kd6 38. Kf2 b6 39. Ke1=
1/2-1/2

[Event "2008 Christmas Pledge Tournament #1"]
[Site "SchemingMind.com"]
[Date "2009.01.06"]
[Round "-"]
[White "echecs"]
[Black "suruat"]
[Result "1/2-1/2"]
[WhiteCountry "ENG"]
[BlackCountry "INT"]
[WhiteElo "1853"]
[WhiteRD "58"]
[BlackElo "1933"]
[BlackRD "104"]
[GameID "186659"]

1. e4 Nf6 2. e5 Nd5 3. d4 e6 4. c4 Nb6 5. Nc3 g6 6. a4 d5 7. a5 Nxc4 8. Bxc4 dxc4 9. Nf3 Bd7 10. O-O Bg7
11. Ne4 Bc6 12. Bg5 Qd5 13. Nc3 Qd7 14. Nd2 b5 15. Re1 Na6 16. Nde4 b4 17. Na4 b3 18. Nac5 Nxc5 19. Nxc5 Qd5 20. f3 O-O
21. Re4 Rae8 22. Rh4 f6 23. exf6 Bxf6 24. Bxf6 Rxf6 25. Ne4 Rf7 26. Qd2 Qf5 27. Ng3 Qf6 28. Rg4 Kh8 29. Ne4 Qe7 30. Qh6 Bxe4
31. fxe4 c5 32. dxc5 Qxc5+ 33. Kh1 Ref8 34. h3 Rf1+ 35. Rxf1 Rxf1+ 36. Kh2 Qe5+ 37. Rg3 Qxe4 38. Qg5 Qf5 39. Qd8+ Kg7 40. Qd4+ Kh6
41. Qh4+ Qh5 42. Qxc4 Qd1 43. Qh4+ Kg7 44. Qe7+ Kh8 45. Qe8+ Kg7 46. Qe7+ Kh8 47. Qe8+=
1/2-1/2

[Event "2008 Christmas Pledge Tournament #1"]
[Site "SchemingMind.com"]
[Date "2009.01.06"]
[Round "-"]
[White "David Hartley"]
[Black "suruat"]
[Result "0-1"]
[WhiteCountry "ENG"]
[BlackCountry "INT"]
[WhiteElo "1889"]
[WhiteRD "67"]
[BlackElo "1933"]
[BlackRD "104"]
[GameID "186660"]

1. e4 c5 2. Nc3 Nc6 3. f4 a6 4. Nf3 e6 5. g3 Nf6 6. Bg2 g6 7. d3 Bg7 8. Bd2 O-O 9. Qe2 Re8 10. O-O-O b5
11. Be3 b4 12. Nb1 Qa5 13. e5 Qxa2 14. Bxc5 Nd5 15. Bd4 Qa1 16. c3 bxc3 17. Bxc3 Nxc3 18. bxc3 Rb8 19. Qc2 Na5 20. Nd2 Bf8
21. Rde1 Ba3+ 22. Kd1 Rb2 23. Qa4 Rxd2+ 24. Kxd2 Bc1+
0-1

[Event "2008 Christmas Pledge Tournament #1"]
[Site "SchemingMind.com"]
[Date "2009.01.06"]
[Round "-"]
[White "doobwah"]
[Black "suruat"]
[Result "0-1"]
[WhiteCountry "USA"]
[BlackCountry "INT"]
[WhiteElo "1559"]
[WhiteRD "82"]
[BlackElo "1945"]
[BlackRD "147"]
[GameID "186662"]

1. e4 c5 2. c4 Nc6 3. d3 g6 4. Bd2 Bg7 5. Nc3 Nf6 6. f4 O-O 7. Rb1 a6 8. f5 d6 9. fxg6 fxg6 10. Be2 Rb8
11. Bf3 b5 12. Nge2 bxc4 13. dxc4 Ne5 14. Nf4 Nxc4 15. O-O e5 16. Nfd5 Bb7 17. Bg5 Qa5 18. Qd3 Bxd5 19. Bxf6 Bf7 20. Bxg7 Kxg7
21. b3 Na3 22. Rbc1 Qc7 23. Rfd1 Rb6 24. Nd5 Bxd5 25. exd5 Nb5 26. Be4 a5 27. Qg3 Rf4 28. Bf3 Rb8 29. Rf1 Rbf8 30. Rc4 Nd4
31. Kh1 Qb7 32. Rf2 Nxf3 33. Rxf4 Rxf4 34. Rxf3 Qxd5 35. h3 Rxf3 36. gxf3 Qd1+
0-1

[Event "2008 Christmas Pledge Tournament #1"]
[Site "SchemingMind.com"]
[Date "2009.01.11"]
[Round "-"]
[White "sthorwall"]
[Black "suruat"]
[Result "1-0"]
[WhiteCountry "USA"]
[BlackCountry "INT"]
[WhiteElo "1819"]
[WhiteRD "56"]
[BlackElo "1933"]
[BlackRD "104"]
[GameID "186663"]

1. e4 c5 2. Nf3 Nc6 3. Bb5 e6 4. O-O Nf6 5. Nc3 d5 6. exd5 exd5 7. Re1+ Be7 8. d4 O-O 9. Bf4 Bg4 10. Bxc6 bxc6
11. h3 Be6 12. Qd2 Re8 13. Re2 cxd4 14. Nxd4 Qd7 15. Rae1 Bb4 16. a3 Ba5 17. b4 Bb6 18. Be5 Bd8 19. Qf4 Rc8 20. Na4 Ne4
21. Rxe4 dxe4 22. Nc5 Qd5 23. Rxe4 g5 24. Qe3 f5 25. c4 Qxc4 26. Nxf5 Qa2 27. Nh6+ Kf8 28. Qf3+
1-0